The Philippines yearbook 2005 : (Record no. 7450)

MARC details
000 -LEADER
fixed length control field 00508nam a22001457a 4500
003 - CONTROL NUMBER IDENTIFIER
control field OSt
005 - DATE AND TIME OF LATEST TRANSACTION
control field 20260115074004.0
008 - FIXED-LENGTH DATA ELEMENTS--GENERAL INFORMATION
fixed length control field 260115b |||||||| |||| 00| 0 eng d
040 ## - CATALOGING SOURCE
Original cataloging agency DWC-Main lib
Transcribing agency OC
082 ## - DEWEY DECIMAL CLASSIFICATION NUMBER
Classification number GR. 909.908 P552 2005
245 ## - TITLE STATEMENT
Title The Philippines yearbook 2005 :
Remainder of title defenders of heritage
260 ## - PUBLICATION, DISTRIBUTION, ETC.
Name of publisher, distributor, etc. The Fookien Times since 1936,
Date of publication, distribution, etc. c2005
300 ## - PHYSICAL DESCRIPTION
Extent 245 pages :
Other physical details colored illustration :
Dimensions 30 cm.
942 ## - ADDED ENTRY ELEMENTS (KOHA)
Source of classification or shelving scheme Dewey Decimal Classification
Koha item type Book Circulation
Classification part GR. 909.908 P552 2005
Call number prefix Circ.
Suppress in OPAC No

No items available.